000 00611nas a22002057i 4500
001 5747
003 OSt
005 20170126082349.0
007 tu
008 161220s xxu||||| |||| 00| 0 d
022 _a1300-1612
024 7 _a5747
_2RID
024 7 _a5747
_2RSN (alt)
040 _cOSt
245 0 0 _aEurasian Studies
260 _aAnkara :
_bTICA Publication Department.
110 2 _aTICA Turkish International Cooperation Agency
866 0 _u1994 /3 - 1996 3/1
866 0 _uBestände unvollständig<br><br>vorhanden:<br>1994 /3<br>1995 1/4<br>1995 2/2 - 1996 3/1fehlende Bestände:<br>1995 2/1<br>1996 3/2
942 _cJ
999 _c5492
_d5492